|
|
|
|
| LEADER |
00000nam a2200000 a 4500 |
| 001 |
20160307142609.0 |
| 003 |
AR-RoUNA |
| 005 |
20190731123357.0 |
| 006 |
a|||||r|||| 00| | |
| 008 |
160307s2013 ag a|||| |||| 00| | spa d |
| 020 |
|
|
|a 9789503902943
|
| 040 |
|
|
|a AR-RoUNA
|b spa
|
| 041 |
|
|
|h spa
|
| 080 |
|
|
|a 72.036(825.1)
|
| 100 |
1 |
|
|9 44197
|a Guisasola, Miguel Ángel,
|d 1942-
|
| 245 |
1 |
0 |
|a Apuntes sobre arquitectura en Mendoza :
|b recapitular y repensar (1967-2010) /
|c Miguel Ángel Guisasola
|
| 250 |
|
|
|a 1a. ed.
|
| 260 |
|
|
|a Mendoza :
|b EDIUNC,
|c 2013.
|
| 300 |
|
|
|a 135 p. :
|b fot. col.
|b planos
|c 23X14 cm
|
| 504 |
|
|
|a Bibliografía p. 131
|
| 505 |
0 |
|
|a Prólogo -- Trayectoria de un arquitecto -- Principios y opciones para el diseño arquitectónico -- Utilización del concepto de espacio central -- Epílogo: Reflexiones finales y exhortaciones -- Anexo: Encuentro con los grandes: Walter Gropius. Frank Lloyd Wright. Mies van der Rohe. Le Corbusier. Oscar Niemeyer. Alvar Aalto. Richard Neutra. Louis Isadore Kahn -- Anexo: La idea del universo y el espacio arquitectónico -- Anexo: Las mejores obras del siglo XX en Mendoza.
|
| 541 |
|
|
|e 15357
|
| 600 |
1 |
|
|a Tedeschi, Enrico
|9 149
|
| 600 |
1 |
|
|a Bromberg, Silvio
|9 4002
|
| 650 |
|
4 |
|9 12605
|a Arquitectura contemporanea
|
| 650 |
|
4 |
|9 14987
|a Testimonios
|
| 650 |
|
4 |
|9 12731
|a Biografía
|
| 650 |
|
4 |
|9 13014
|a Diseño arquitectónico
|
| 650 |
|
4 |
|a Urbanismo
|9 5
|
| 651 |
|
4 |
|9 8663
|a Mendoza (Argentina)
|
| 653 |
|
|
|a Escuela de Educación Técnica (E.E.T.) N° 4-020 "Ingeniero Gabriel del Mazo" (Godoy Cruz)
|
| 653 |
|
|
|a Escuela Tecnico-Agropecuaria "Martin Guemes" (San Rafael)
|
| 653 |
|
|
|a Capilla y Parroquia "Virgen de los Pobres" (Barrio San Martin)
|
| 908 |
|
|
|a Imp
|
| 930 |
|
|
|e 10801
|
| 942 |
|
|
|2 udc
|
| 945 |
|
|
|a MIA
|d 2016-05-02
|
| 999 |
|
|
|c 6334
|d 6334
|